Automarken die zur Volkswagen Group gehören - Statistiken

Allgemein
  • Dieses Quiz wurde 147 mal gespielt
  • Das Durchschnittsergebnis liegt bei 7 aus 14
Antwortstatistiken
Hinweis Marken % Korrekt
Auto Audi
85%
Auto Skoda
83%
Auto Seat
79%
Sportwagen Porsche
78%
LKW MAN
77%
Sportwagen Lamborghini
67%
Auto Volkswagen
55%
Luxusauto Bentley
52%
Tunning Cupra
42%
LKW Scania
33%
Motorrad Ducati
31%
Taxi Service MOIA
4%
LKW International Motors
1%
Auto Scout
1%
Keine übereinstimmenden Quizze gefunden
Verteilung der Resultate
Anzahl Personen mit jedem Resultat
Perzentil nach korrekt beantworteten Fragen
Ihre Resultats-Entwicklung
Sie haben dieses Quiz noch nicht gespielt